|
|
|
|
| LEADER |
00000cam a2200000 i 4500 |
| 001 |
1/53075 |
| 008 |
040330s2003 gr | ||| |||| ||gre|| |
| 020 |
|
|
|a 9608065402
|
| 035 |
|
|
|l 10073037
|
| 040 |
|
|
|a GR-MyUA
|b gre
|e AACR2
|
| 041 |
0 |
|
|a gre
|
| 082 |
0 |
|
|a 005.82
|
| 100 |
1 |
|
|a Κάτος, Βασίλειος Αν.
|
| 245 |
1 |
0 |
|a Τεχνικές κρυπτογραφίας και κρυπτανάλυσης /
|c Βασίλειος Αν. Κάτος και Γεώργιος Χρ. Στεφανίδης.
|
| 260 |
|
|
|a Θεσσαλονίκη :
|b Ζυγός,
|c [2003].
|
| 300 |
|
|
|a 396 σ. ;
|c 25 εκ.
|
| 504 |
|
|
|a Περιέχει βιβλιογραφικές αναφορές και ευρετήριο.
|
| 650 |
0 |
0 |
|a Cryptography.
|
| 700 |
1 |
|
|a Στεφανίδης, Γεώργιος Χρ.
|
| 852 |
|
|
|a INST
|b SAMOS
|e 20040330
|h 005.82 ΚΑΤ
|p 005300023367
|q 005300023367
|t BK
|y 0
|
| 852 |
|
|
|a INST
|b SAMOS
|e 20040330
|h 005.82 ΚΑΤ
|p 005300023368
|q 005300023368
|t BK
|y 0
|
| 852 |
|
|
|a INST
|b SAMOS
|e 20040330
|h 005.82 ΚΑΤ
|p 005300023369
|q 005300045912
|t BK
|y 0
|
| 852 |
|
|
|a INST
|b SAMOS
|e 20040330
|h 005.82 ΚΑΤ
|p 005300023370
|q 005300023370
|t BK
|y 4
|x 20220905
|
| 852 |
|
|
|a INST
|b SAMOS
|e 20040330
|h 005.82 ΚΑΤ
|p 005300023371
|q 005300023371
|t BK
|y 23
|
| 852 |
|
|
|a INST
|b SAMOS
|c EUDOXUS
|e 20111025
|h 005.82 ΚΑΤ
|p 005300032429
|q 005300032429
|t EDX
|y 0
|
| 901 |
|
|
|a BIBL3-2011-2
|
| 901 |
|
|
|a BIBL3-2004-1
|
| 909 |
|
|
|a Σ
|b 171759
|
| 909 |
|
|
|a Σ
|b 107299
|
| 909 |
|
|
|a Σ
|b 107300
|
| 909 |
|
|
|a Σ
|b 107301
|
| 909 |
|
|
|a Σ
|b 107302
|
| 909 |
|
|
|a Σ
|b 107303
|
| 920 |
|
|
|a ΕΥΔΟΞΟΣ
|b ΕΠΙΣΤΡΟΦΗ
|y Σάμος
|z 2011-10
|
| 970 |
|
|
|a ΜΑΛΑΓΑΡΗ
|b ΦΩΤΕΙΝΗ
|z 2004/03/30
|